[Event "OLBA 2122 SC Brombach - BG Buchen"]
[Site "?"]
[Date "2022.04.10"]
[Round "11.1"]
[White "Stojanovic, Mihajlo"]
[Black "Georgiadis, Ioannis"]
[Result "1/2-1/2"]
[WhiteElo "2502"]
[BlackElo "2467"]
[PlyCount "62"]
[EventDate "2022.??.??"]

1. Nf3 Nf6 2. c4 e6 3. Nc3 Bb4 4. Qc2 O-O 5. a3 Bxc3 6. Qxc3 a5 7. g3 b6 8. Bg2
Bb7 9. O-O a4 10. d3 d6 11. e4 Nbd7 12. Be3 Ng4 13. Bg5 f6 14. Bd2 Nge5 15. Ne1
f5 16. d4 Ng6 17. exf5 Bxg2 18. Nxg2 exf5 19. Rfe1 Nf6 20. Bg5 h6 21. Bxf6 Qxf6
22. f4 Rae8 23. Qd3 Ne7 24. Re3 Nc6 25. Rd1 g6 26. Kf2 Qf7 27. Rde1 Na5 28. d5
Nb3 29. Rxe8 Rxe8 30. Rxe8+ Qxe8 31. Qe3 Qf7 1/2-1/2

[Event "OLBA 2122 SC Brombach - BG Buchen"]
[Site "?"]
[Date "2022.04.10"]
[Round "11.3"]
[White "Eisenbeiser, Amadeus"]
[Black "Haag, Gregor"]
[Result "0-1"]
[WhiteElo "2389"]
[BlackElo "2374"]
[PlyCount "108"]
[EventDate "2022.??.??"]

1. e4 c5 2. Nf3 e6 3. c4 Nc6 4. d4 cxd4 5. Nxd4 Nf6 6. Nc3 Bb4 7. Nxc6 bxc6 8.
Bd3 e5 9. O-O O-O 10. Qc2 Bc5 11. Na4 Bd4 12. Be3 c5 13. Bxd4 cxd4 14. c5 Bb7
15. b4 Nh5 16. g3 Qg5 17. f3 Rae8 18. Nb2 Re6 19. Bc4 Rg6 20. Rf2 Kh8 21. Kf1
Nf4 22. gxf4 Qg1+ 23. Ke2 Qxa1 24. fxe5 Rh6 25. Kd3 f6 26. e6 dxe6 27. Bxe6
Ba6+ 28. Kxd4 Rd8+ 29. Bd5 Qg1 30. Kc3 f5 31. Nc4 fxe4 32. Bxe4 Qa1+ 33. Kb3
Qd4 34. Nd6 Rhxd6 35. cxd6 Rc8 36. Qd2 Bc4+ 37. Ka3 Qb6 38. Kb2 Be6 39. Rg2 a5
40. Rg5 Rc4 41. b5 Rd4 42. Qf4 Rb4+ 43. Ka3 Qd4 44. Qf8+ Bg8 45. Qxg7+ Qxg7 46.
Rxg7 Kxg7 47. d7 Rd4 48. b6 Rxd7 49. Ka4 Rd2 50. a3 Rb2 51. b7 Bc4 52. Kxa5 Kf6
53. a4 Ke6 54. Bc6 Bd5 0-1

[Event "OLBA 2122 SC Brombach - BG Buchen"]
[Site "?"]
[Date "2022.04.10"]
[Round "11.4"]
[White "Schweizer, Simon"]
[Black "Miltner, Arndt"]
[Result "1/2-1/2"]
[WhiteElo "2177"]
[BlackElo "2261"]
[PlyCount "48"]
[EventDate "2022.??.??"]

1. e4 d6 2. d4 g6 3. Nc3 Bg7 4. Nf3 a6 5. a4 b6 6. Be2 Bb7 7. O-O Nd7 8. Re1 e5
9. dxe5 Nxe5 10. Nxe5 dxe5 11. Bc4 Qxd1 12. Rxd1 Nf6 13. f3 h6 14. b3 O-O 15.
Ba3 Rfd8 16. Be7 Re8 17. Bxf6 Bxf6 18. Rd7 Re7 19. Rad1 Kf8 20. Rd8+ Rxd8 21.
Rxd8+ Re8 22. Rd7 Re7 23. Rd8+ Re8 24. Rd7 Re7 1/2-1/2

[Event "OLBA 2122 SC Brombach - BG Buchen"]
[Site "?"]
[Date "2022.04.10"]
[Round "11.5"]
[White "Hajnal, Zoltan"]
[Black "Wirthensohn, Heinz"]
[Result "1/2-1/2"]
[WhiteElo "2383"]
[BlackElo "2289"]
[PlyCount "33"]
[EventDate "2022.??.??"]

1. e4 c5 2. Nf3 Nc6 3. d4 cxd4 4. Nxd4 g6 5. Nc3 Bg7 6. Be3 Nf6 7. Bc4 Na5 8.
Bxf7+ Kxf7 9. e5 Nc4 10. exf6 Bxf6 11. Qf3 Kg7 12. O-O-O d6 13. Nd5 Rf8 14.
Nxf6 Rxf6 15. Qe2 Nxe3 16. Qxe3 Bd7 17. Rhe1 1/2-1/2

[Event "OLBA 2122 SC Brombach - BG Buchen"]
[Site "?"]
[Date "2022.04.10"]
[Round "11.7"]
[White "Mede, Istvan"]
[Black "Resa, Tobias"]
[Result "1/2-1/2"]
[WhiteElo "2242"]
[BlackElo "2140"]
[PlyCount "58"]
[EventDate "2022.??.??"]

1. d4 Nf6 2. c4 g6 3. Nc3 d5 4. Nf3 Bg7 5. h4 c5 6. dxc5 Qa5 7. cxd5 Nxd5 8.
Qxd5 Bxc3+ 9. Bd2 Bxd2+ 10. Qxd2 Qxd2+ 11. Kxd2 Na6 12. Rc1 Be6 13. e4 O-O-O+
14. Ke3 Nc7 15. Bc4 f6 16. Bxe6+ Nxe6 17. b4 Kc7 18. Rhd1 Rxd1 19. Rxd1 a5 20.
a3 axb4 21. axb4 Ra8 22. Rd3 Ra1 23. Nd4 Re1+ 24. Kf3 Nxd4+ 25. Rxd4 h5 26. g3
Rb1 27. Ke3 Rb3+ 28. Kd2 Rb2+ 29. Ke3 Rb3+ 1/2-1/2

[Event "OLBA 2122 SC Brombach - BG Buchen"]
[Site "?"]
[Date "2022.04.10"]
[Round "11.8"]
[White "Paul, Mathias"]
[Black "Greis, Bernhard"]
[Result "1/2-1/2"]
[WhiteElo "2066"]
[BlackElo "2032"]
[PlyCount "52"]
[EventDate "2022.??.??"]

1. e4 c5 2. Nf3 g6 3. d3 Bg7 4. g3 Nc6 5. Bg2 e6 6. c3 d5 7. Nbd2 Nge7 8. O-O
O-O 9. Re1 b6 10. e5 Nf5 11. Nf1 Bd7 12. h4 Rc8 13. N1h2 d4 14. c4 h5 15. Bf4
f6 16. Qd2 fxe5 17. Nxe5 Nxe5 18. Bxe5 Bxe5 19. Rxe5 Qf6 20. Rae1 Nd6 21. Rxe6
Bxe6 22. Rxe6 Qxe6 23. Bd5 Qxd5 24. cxd5 Rce8 25. g4 Re5 26. f4 Re3 1/2-1/2

[Event "OLBA 2122 Karlsruher SF 1853 - SV Hocke"]
[Site "?"]
[Date "2022.04.10"]
[Round "11.1"]
[White "Baramidze, David"]
[Black "Ruff, Maximilian"]
[Result "1-0"]
[WhiteElo "2601"]
[BlackElo "2295"]
[PlyCount "95"]
[EventDate "2022.??.??"]

1. e4 e5 2. Nf3 Nc6 3. Bc4 Nf6 4. d3 Bc5 5. O-O d6 6. c3 a5 7. Re1 O-O 8. h3 h6
9. Nbd2 Be6 10. Bb5 Qb8 11. Nf1 Qa7 12. Re2 a4 13. Bxc6 bxc6 14. d4 exd4 15.
cxd4 Bb6 16. Ng3 Bc4 17. Rc2 Qa6 18. Bxh6 Bd3 19. Qc1 Nh7 20. Bxg7 Kxg7 21.
Nh5+ Kh8 22. Qh6 Rg8 23. Nf6 Rg7 24. Ng5 Bxe4 25. Nfxe4 Bxd4 26. Rd1 Be5 27. g3
f5 28. Nf6 Bxf6 29. Nxh7 Rxh7 30. Qxf6+ Kg8 31. Qxf5 Rf8 32. Qg4+ Kh8 33. Qd4+
Rg7 34. Qc4 Qc8 35. Rd4 Qf5 36. Rh4+ Rh7 37. Rf4 Qc8 38. Qd4+ Rg7 39. Rg4 Rff7
40. Rxc6 a3 41. b3 Qd7 42. Ra6 Qf5 43. Ra8+ Kh7 44. Rh4+ Kg6 45. Rah8 Rh7 46.
Rg8+ Rhg7 47. Rxg7+ Rxg7 48. Rg4+ 1-0

[Event "OLBA 2122 Karlsruher SF 1853 - SV Hocke"]
[Site "?"]
[Date "2022.04.10"]
[Round "11.2"]
[White "Duschek, Volker"]
[Black "Buhmann, Rainer"]
[Result "0-1"]
[WhiteElo "2278"]
[BlackElo "2564"]
[PlyCount "94"]
[EventDate "2022.??.??"]

1. e4 e5 2. Nf3 Nc6 3. Bb5 a6 4. Ba4 Nf6 5. O-O Be7 6. Re1 b5 7. Bb3 O-O 8. c3
Na5 9. Bc2 d5 10. d4 dxe4 11. Nxe5 Bb7 12. Bg5 h6 13. Bxf6 Bxf6 14. Nd2 Bxe5
15. dxe5 Re8 16. Bxe4 Bxe4 17. Rxe4 Qd3 18. Rd4 Qf5 19. a4 Nc6 20. Rd5 Rad8 21.
Nf3 Qe4 22. Rd7 bxa4 23. h3 a3 24. bxa3 Qc4 25. Rc1 a5 26. Rxd8 Rxd8 27. Qf1
Qc5 28. Re1 Re8 29. Qd3 Nxe5 30. Nxe5 Rxe5 31. Rb1 Re8 32. a4 c6 33. g3 g6 34.
h4 Kg7 35. Kg2 Re5 36. c4 Re6 37. Rb3 Rf6 38. f4 Rd6 39. Qe2 Rd4 40. Rc3 h5 41.
Qe3 Qd6 42. Kf3 Qd7 43. Qe5+ f6 44. Qxa5 Qg4+ 45. Ke3 Rd7 46. Ke4 Qe2+ 47. Re3
Qg2+ 0-1

[Event "OLBA 2122 Karlsruher SF 1853 - SV Hocke"]
[Site "?"]
[Date "2022.04.10"]
[Round "11.3"]
[White "Rau, Hannes"]
[Black "Pfatteicher, Lukas"]
[Result "0-1"]
[WhiteElo "2453"]
[BlackElo "2153"]
[PlyCount "58"]
[EventDate "2022.??.??"]

1. d4 Nf6 2. g3 d5 3. Nf3 e6 4. Bg2 Be7 5. c4 O-O 6. O-O dxc4 7. Nc3 Nc6 8. e4
Rb8 9. Be3 b5 10. a3 Na5 11. Qc2 Nb3 12. Rad1 a5 13. Ne5 Qe8 14. a4 bxa4 15.
Nxc4 Ba6 16. Nb1 Qc6 17. Nba3 Bxa3 18. Nxa3 Qxc2 19. Nxc2 Bxf1 20. Kxf1 Rfd8
21. Bf4 Rd7 22. Bf3 Rbd8 23. Be5 Nc5 24. Bxf6 gxf6 25. Ra1 Nb3 26. Rxa4 Nxd4
27. Nxd4 Rxd4 28. Rxa5 Rc4 29. e5 f5 0-1

[Event "OLBA 2122 Karlsruher SF 1853 - SV Hocke"]
[Site "?"]
[Date "2022.04.10"]
[Round "11.4"]
[White "Joeres, Stefan"]
[Black "Nekrasov, Mihail"]
[Result "1/2-1/2"]
[WhiteElo "2178"]
[BlackElo "2280"]
[PlyCount "48"]
[EventDate "2022.??.??"]

1. e4 c5 2. Nf3 e6 3. d4 cxd4 4. Nxd4 Nf6 5. Nc3 Nc6 6. Ndb5 Bb4 7. a3 Bxc3+ 8.
Nxc3 d5 9. exd5 exd5 10. Bd3 O-O 11. O-O d4 12. Ne2 Bg4 13. f3 Bh5 14. b4 a5
15. b5 Ne5 16. Bb2 Nxd3 17. cxd3 Nd5 18. Rf2 Bg6 19. Qb3 a4 20. Qc4 Ne3 21.
Qxd4 Qxd4 22. Bxd4 Nc2 23. Rc1 Bxd3 24. Bb2 Ne3 1/2-1/2

[Event "OLBA 2122 Karlsruher SF 1853 - SV Hocke"]
[Site "?"]
[Date "2022.04.10"]
[Round "11.5"]
[White "Moeldner, Juergen"]
[Black "Pfrommer, Christoph"]
[Result "1/2-1/2"]
[WhiteElo "2249"]
[BlackElo "2289"]
[PlyCount "81"]
[EventDate "2022.??.??"]

1. e4 c6 2. d4 d5 3. e5 c5 4. dxc5 e6 5. Be3 Nd7 6. Bb5 Ne7 7. c3 a6 8. Ba4 b5
9. cxb6 Nf5 10. Bd4 Nxd4 11. Qxd4 Be7 12. Nf3 O-O 13. Bxd7 Bxd7 14. a4 a5 15.
b4 axb4 16. a5 b3 17. O-O Bb5 18. Re1 b2 19. Ra2 Bc4 20. Rxb2 Rxa5 21. Nbd2 Bc5
22. Qf4 Bxb6 23. Nxc4 dxc4 24. Qxc4 Rd5 25. h3 h6 26. Qe2 Ba5 27. Rc1 Qe7 28.
c4 Rc5 29. Rbc2 Rfc8 30. Ra2 Bb6 31. Ra6 R5c6 32. Qa2 Qb7 33. Ra4 Qc7 34. Rb1
Qd8 35. Ra6 Qc7 36. Ra8 Rxa8 37. Qxa8+ Kh7 38. Nd2 Bd4 39. Nf3 Bb6 40. Nd2 Bd4
41. Nf3 1/2-1/2

[Event "OLBA 2122 Karlsruher SF 1853 - SV Hocke"]
[Site "?"]
[Date "2022.04.10"]
[Round "11.6"]
[White "Koll, Lukas"]
[Black "Guenthner, Oliver"]
[Result "1/2-1/2"]
[WhiteElo "2060"]
[BlackElo "2154"]
[PlyCount "55"]
[EventDate "2022.??.??"]

1. c4 e5 2. g3 Nc6 3. Bg2 g6 4. e3 Bg7 5. Ne2 d6 6. Nbc3 Bd7 7. d4 Nf6 8. b3
O-O 9. O-O Qc8 10. Bb2 Bh3 11. Nd5 Bxg2 12. Nxf6+ Bxf6 13. Kxg2 exd4 14. Nxd4
Nxd4 15. Bxd4 Bxd4 16. exd4 Qf5 17. Qf3 Qxf3+ 18. Kxf3 Rfe8 19. Rfe1 f6 20. h4
Kf7 21. g4 Rad8 22. Kf4 d5 23. Rxe8 Kxe8 24. Re1+ Kf7 25. c5 c6 26. Re3 Rb8 27.
Rc3 Re8 28. Re3 1/2-1/2

[Event "OLBA 2122 Karlsruher SF 1853 - SV Hocke"]
[Site "?"]
[Date "2022.04.10"]
[Round "11.7"]
[White "Ptak, Ferdinand"]
[Black "Koll, Linus"]
[Result "1/2-1/2"]
[WhiteElo "2024"]
[BlackElo "1970"]
[PlyCount "39"]
[EventDate "2022.??.??"]

1. c4 Nf6 2. g3 c5 3. Bg2 g6 4. Nc3 Nc6 5. e4 Bg7 6. Nge2 O-O 7. O-O Rb8 8. d3
a6 9. Be3 d6 10. h3 e6 11. d4 cxd4 12. Nxd4 Qc7 13. Rc1 Nxd4 14. Bxd4 b6 15.
Qe2 Bb7 16. Rfd1 Rfd8 17. Rc2 Ne8 18. Be3 Qc6 19. f4 Rbc8 20. Rdc1 1/2-1/2

[Event "OLBA 2122 Karlsruher SF 1853 - SV Hocke"]
[Site "?"]
[Date "2022.04.10"]
[Round "11.8"]
[White "Fidlin, Simon"]
[Black "Guenther, Christian"]
[Result "1-0"]
[WhiteElo "1941"]
[BlackElo "1933"]
[PlyCount "37"]
[EventDate "2022.??.??"]

1. e4 c5 2. Nf3 d6 3. d4 cxd4 4. Nxd4 Nf6 5. Nc3 a6 6. h3 e5 7. Nf3 Be7 8. g4
h6 9. Rg1 Be6 10. g5 hxg5 11. Nxg5 Nc6 12. Nxe6 fxe6 13. Bc4 Nd4 14. Be3 d5 15.
exd5 exd5 16. Bd3 Nc6 17. Bg6+ Kf8 18. Qe2 d4 19. Qc4 1-0

[Event "OLBA 2122 SK Ettlingen - SC Viernheim I"]
[Site "?"]
[Date "2022.04.10"]
[Round "11.1"]
[White "Zaragatski, Ilja"]
[Black "Rosner, Jonas"]
[Result "1/2-1/2"]
[WhiteElo "2519"]
[BlackElo "2466"]
[PlyCount "69"]
[EventDate "2022.??.??"]

1. d4 d5 2. Nf3 Nf6 3. c4 c6 4. e3 e6 5. b3 Ne4 6. Bd3 Bb4+ 7. Nbd2 f5 8. Ne5
O-O 9. O-O Nxd2 10. Bxd2 Bd6 11. b4 Nd7 12. f4 Nxe5 13. fxe5 Be7 14. Qb3 a6 15.
a4 Bg5 16. g3 Qe8 17. b5 axb5 18. axb5 Bd7 19. cxd5 Rxa1 20. Rxa1 cxd5 21. Ra7
Qc8 22. Kf2 Be7 23. Bb4 Qb8 24. Ra2 Qe8 25. Qa3 Bxb4 26. Qxb4 g5 27. Qd6 Qf7
28. Kg1 Rc8 29. Rc2 Rxc2 30. Bxc2 Bxb5 31. Qd8+ Kg7 32. Qxg5+ Qg6 33. Qe7+ Qf7
34. Qg5+ Qg6 35. Qe7+ 1/2-1/2

[Event "OLBA 2122 SK Ettlingen - SC Viernheim I"]
[Site "?"]
[Date "2022.04.10"]
[Round "11.2"]
[White "Arnold, Max"]
[Black "Lanka, Zigurds"]
[Result "1/2-1/2"]
[WhiteElo "2348"]
[BlackElo "2385"]
[PlyCount "34"]
[EventDate "2022.??.??"]

1. e4 c5 2. Nc3 Nc6 3. Bb5 Nd4 4. Nf3 e6 5. O-O a6 6. Bd3 Nc6 7. Nd5 Nge7 8.
Re1 Ng6 9. c3 Bd6 10. Ne3 O-O 11. Bf1 Nge5 12. Nxe5 Bxe5 13. g3 g6 14. Nc4 Bg7
15. Nd6 Qc7 16. Nxc8 Raxc8 17. d3 f5 1/2-1/2

[Event "OLBA 2122 SK Ettlingen - SC Viernheim I"]
[Site "?"]
[Date "2022.04.10"]
[Round "11.4"]
[White "Nippgen, Georg"]
[Black "Muetsch, Annmarie"]
[Result "0-1"]
[WhiteElo "2236"]
[BlackElo "2263"]
[PlyCount "96"]
[EventDate "2022.??.??"]

1. c4 Nf6 2. Nf3 g6 3. e3 Bg7 4. Be2 O-O 5. O-O d6 6. d4 Nbd7 7. Nc3 e5 8. Qc2
Re8 9. Rd1 e4 10. Nd2 Qe7 11. b4 Nf8 12. a4 Bf5 13. b5 h5 14. Ba3 Qe6 15. a5 h4
16. Rdc1 h3 17. Nd5 Rac8 18. Nf4 Qd7 19. c5 g5 20. c6 bxc6 21. bxc6 Qe7 22.
Nxh3 Bxh3 23. gxh3 Qe6 24. Qd1 Qxh3 25. Rab1 Ng6 26. Qf1 Qh6 27. Rb7 Nh4 28.
Kh1 Nh7 29. Bc4 Qg6 30. Qh3 Nf5 31. Rg1 Nf6 32. Rxa7 g4 33. Qf1 Kh7 34. Qd1 g3
35. Rxg3 Nxg3+ 36. hxg3 Rh8 37. Kg2 Kg8 38. Nf1 Qh6 39. f3 Qh1+ 40. Kf2 Rh2+
41. Ke1 Qg1 42. Qb3 d5 43. Ba6 exf3 44. Rxc7 Rxc7 45. Qb8+ Kh7 46. Bd3+ Ne4 47.
Qxc7 Re2+ 48. Bxe2 Qf2+ 0-1

[Event "OLBA 2122 SK Ettlingen - SC Viernheim I"]
[Site "?"]
[Date "2022.04.10"]
[Round "11.5"]
[White "Schmohel, Andreas"]
[Black "Tschann, Stephan"]
[Result "0-1"]
[WhiteElo "1933"]
[BlackElo "2223"]
[PlyCount "58"]
[EventDate "2022.??.??"]

1. e4 c5 2. Nf3 d6 3. d4 cxd4 4. Nxd4 Nf6 5. Nc3 a6 6. Be2 e5 7. Nb3 Be6 8. f4
Be7 9. g4 h6 10. g5 hxg5 11. f5 Bd7 12. Qd3 Bc6 13. Be3 Rh4 14. Bf3 g4 15. Bg2
Nbd7 16. O-O-O Qc7 17. Bf2 Rh5 18. h3 O-O-O 19. Qg3 gxh3 20. Rxh3 Rdh8 21. Rdh1
Rxh3 22. Rxh3 Rxh3 23. Qxh3 Qd8 24. a4 Nb6 25. Na5 Bd7 26. Qe3 Nxa4 27. Nxb7
Qc7 28. Nxa4 Bxa4 29. b3 Bc6 0-1

[Event "OLBA 2122 SK Ettlingen - SC Viernheim I"]
[Site "?"]
[Date "2022.04.10"]
[Round "11.6"]
[White "Wehner, Roland"]
[Black "Mueller, Michael"]
[Result "1-0"]
[WhiteElo "2263"]
[BlackElo "2172"]
[PlyCount "51"]
[EventDate "2022.??.??"]

1. e4 c5 2. Nf3 Nc6 3. c3 d5 4. exd5 Qxd5 5. d4 Bg4 6. Be2 e6 7. O-O Nf6 8. h3
Bf5 9. Be3 cxd4 10. Nxd4 Be4 11. c4 Qd7 12. Nc3 Nxd4 13. Qxd4 Bc6 14. Nb5 Bxb5
15. cxb5 Nd5 16. Rad1 Qc7 17. Bf3 Nxe3 18. Qxe3 Bc5 19. Qe4 Rb8 20. Rc1 Qb6 21.
Qe5 Bd6 22. Qxg7 Rf8 23. Rfd1 Rd8 24. Qg5 h6 25. Qxh6 Qxb5 26. Rxd6 1-0

[Event "OLBA 2122 SK Ettlingen - SC Viernheim I"]
[Site "?"]
[Date "2022.04.10"]
[Round "11.7"]
[White "Al Helaoy, Majed"]
[Black "Loewe, Lennard"]
[Result "0-1"]
[WhiteElo "2042"]
[BlackElo "2207"]
[PlyCount "56"]
[EventDate "2022.??.??"]

1. Nf3 d5 2. g3 c5 3. Bg2 Nc6 4. d3 Nf6 5. Nbd2 g6 6. O-O Bg7 7. e4 O-O 8. Re1
b6 9. c3 e6 10. e5 Nd7 11. d4 Ba6 12. Nf1 Rc8 13. Bg5 Qc7 14. Qd2 Rfe8 15. h4
Na5 16. Ne3 h5 17. b3 cxd4 18. cxd4 Qc3 19. Red1 Bf8 20. Bh3 Bb4 21. Nxd5 Qxf3
22. Nxb4 Bb7 23. d5 Nxe5 24. Qf4 exd5 25. Bxc8 Rxc8 26. Qxf3 Nxf3+ 27. Kf1 d4
28. Bf6 Re8 0-1

[Event "OLBA 2122 SK Ettlingen - SC Viernheim I"]
[Site "?"]
[Date "2022.04.10"]
[Round "11.8"]
[White "Reichel, Jonathan"]
[Black "Roettig, Hans-Peter"]
[Result "1-0"]
[WhiteElo "2090"]
[BlackElo "2081"]
[PlyCount "113"]
[EventDate "2022.??.??"]

1. e4 c5 2. Nf3 d6 3. Bb5+ Bd7 4. Bxd7+ Nxd7 5. O-O Ngf6 6. Re1 Rc8 7. c3 e6 8.
d4 cxd4 9. cxd4 d5 10. exd5 Nxd5 11. Nc3 Nxc3 12. bxc3 Nb6 13. Qd3 Be7 14. Ne5
Qd5 15. Rb1 f6 16. Rb5 Qd6 17. Nf3 Kf7 18. Ra5 Nc4 19. Rxa7 Qd5 20. Bf4 Ra8 21.
Rxa8 Rxa8 22. Qxh7 Rxa2 23. h4 Ra3 24. h5 Qf5 25. Qxf5 exf5 26. Nh4 Rxc3 27.
Nxf5 Bf8 28. Rb1 b6 29. Ne3 g5 30. hxg6+ Kxg6 31. Nd5 Rd3 32. Be3 Bd6 33. Rc1
b5 34. Kf1 Nxe3+ 35. fxe3 Rd2 36. Rc6 Bg3 37. Rxf6+ Kg5 38. Rf3 Kh4 39. Nf6 Ra2
40. Ne4 Ra1+ 41. Ke2 Bc7 42. Rf7 Ba5 43. Rf4+ Kh5 44. Rf5+ Kg6 45. Rxb5 Ra2+
46. Kf3 Bd8 47. d5 Ra1 48. d6 Rd1 49. Kf4 Kf7 50. Ke5 Rh1 51. Rb7+ Kg6 52. d7
Kf7 53. g4 Rh3 54. Nd6+ Kf8 55. Nf5 Bf6+ 56. Kxf6 Rh6+ 57. Kg5 1-0

[Event "OLBA 2122 SGR Kuppenheim - SC Untergrom"]
[Site "?"]
[Date "2022.04.10"]
[Round "11.7"]
[White "Sieglen, Joachim"]
[Black "Klumpp, Jochen"]
[Result "1/2-1/2"]
[WhiteElo "2155"]
[BlackElo "2067"]
[PlyCount "20"]
[EventDate "2022.??.??"]

1. d4 Nf6 2. c4 g6 3. Nc3 d5 4. Nf3 Bg7 5. cxd5 Nxd5 6. e4 Nxc3 7. bxc3 c5 8.
Be3 O-O 9. Rc1 Qa5 10. Qd2 Nc6 1/2-1/2

[Event "OLBA 2122 SV Hockenheim - SF Bad Mergen"]
[Site "?"]
[Date "2022.05.01"]
[Round "4.1"]
[White "Ikonnikov, Vyacheslav"]
[Black "Dordzhieva, Dinara"]
[Result "1/2-1/2"]
[WhiteElo "2493"]
[BlackElo "2321"]
[PlyCount "106"]
[EventDate "2022.??.??"]

1. d4 Nf6 2. Nf3 d5 3. c4 e6 4. Nc3 dxc4 5. e3 a6 6. Bxc4 b5 7. Be2 Bb7 8. O-O
Nbd7 9. Nd2 c5 10. Bf3 Qb6 11. a4 cxd4 12. exd4 b4 13. Nce4 Nxe4 14. Nxe4 Be7
15. Be3 Bd5 16. Nc5 Qc6 17. Bxd5 Qxd5 18. Qg4 Nf6 19. Qe2 Qd6 20. Rfc1 O-O 21.
Rc2 Nd5 22. Rac1 h6 23. h3 Rfe8 24. Qd3 Bf8 25. Qb3 Be7 26. Nd3 Nxe3 27. fxe3
Qg3 28. Ne5 Bd6 29. Nf3 e5 30. dxe5 Bxe5 31. Qxb4 Rab8 32. Qd2 Bf6 33. b4 Red8
34. Qe2 Rxb4 35. Qxa6 Rb3 36. Re2 Rdd3 37. Qc8+ Rd8 38. Qf5 Rbd3 39. Rf1 R8d5
40. Qc8+ Rd8 41. Qc4 Ra3 42. Nd4 Rxe3 43. Nf5 Rc3 44. Qb5 Qc7 45. Re4 Kh7 46.
Kh1 Rd2 47. Ne3 Qc5 48. Qb1 g6 49. Ref4 Qxe3 50. Rxf6 Qxh3+ 51. gxh3 Rxh3+ 52.
Kg1 Rg3+ 53. Kh1 Rh3+ 1/2-1/2

[Event "OLBA 2122 SV Hockenheim - SF Bad Mergen"]
[Site "?"]
[Date "2022.05.01"]
[Round "4.2"]
[White "Nekrasov, Mihail"]
[Black "Neuman, Petr"]
[Result "0-1"]
[WhiteElo "2280"]
[BlackElo "2386"]
[PlyCount "104"]
[EventDate "2022.??.??"]

1. e4 d6 2. d4 Nf6 3. Nc3 e5 4. Nf3 Nbd7 5. Bc4 Be7 6. O-O O-O 7. Re1 c6 8. a4
a5 9. h3 Nb6 10. Bf1 exd4 11. Nxd4 d5 12. e5 Ne8 13. Qf3 g6 14. Bh6 Ng7 15.
Nce2 Bg5 16. Bxg5 Qxg5 17. Qg3 Qxg3 18. Nxg3 f6 19. b3 fxe5 20. Rxe5 Bd7 21.
Rae1 Rae8 22. Rxe8 Rxe8 23. Rxe8+ Bxe8 24. f4 Nc8 25. Kf2 Nd6 26. Bd3 Kf7 27.
Nf3 Kf6 28. Nf1 Ne6 29. g3 Nc5 30. N1d2 Nxd3+ 31. cxd3 c5 32. Ne5 Ke6 33. g4 b5
34. axb5 Nxb5 35. Nef3 h6 36. Ke3 Kd6 37. h4 Bd7 38. Ne5 Be6 39. Nxg6 Bxg4 40.
Ne5 Bd1 41. Nef3 Ke6 42. d4 Bxf3 43. Nxf3 c4 44. bxc4 dxc4 45. Ne5 Nd6 46. h5
a4 47. Kd2 a3 48. Kc2 Kd5 49. Ng4 Kxd4 50. Nxh6 c3 51. Kb3 Kd3 52. Ng4 c2 0-1

[Event "OLBA 2122 SV Hockenheim - SF Bad Mergen"]
[Site "?"]
[Date "2022.05.01"]
[Round "4.3"]
[White "Gasthofer, Alexander"]
[Black "Moeldner, Juergen"]
[Result "1-0"]
[WhiteElo "2422"]
[BlackElo "2249"]
[PlyCount "59"]
[EventDate "2022.??.??"]

1. Nf3 c5 2. c4 b6 3. g3 Bb7 4. Bg2 e6 5. Nc3 Nf6 6. O-O Be7 7. d4 cxd4 8. Qxd4
d6 9. Rd1 a6 10. Bg5 Nbd7 11. Qd2 O-O 12. Bf4 Ne8 13. Rac1 Qc7 14. b3 Rd8 15.
Qe3 Nef6 16. Nd5 exd5 17. Qxe7 Rfe8 18. Qxd6 Qxd6 19. Bxd6 Rxe2 20. Nd4 Rxa2
21. cxd5 h6 22. Nf5 g6 23. Ne3 Re8 24. Rc7 Ba8 25. Bh3 Nc5 26. Bxc5 bxc5 27. d6
Bf3 28. d7 Nxd7 29. Rdxd7 Ra1+ 30. Bf1 1-0

[Event "OLBA 2122 SV Hockenheim - SF Bad Mergen"]
[Site "?"]
[Date "2022.05.01"]
[Round "4.5"]
[White "Bogdanovich, Grigory"]
[Black "Hierholz, Bernd"]
[Result "1/2-1/2"]
[WhiteElo "2305"]
[BlackElo "2116"]
[PlyCount "83"]
[EventDate "2022.??.??"]

1. d4 d5 2. Nf3 Nf6 3. e3 c6 4. Nbd2 Bg4 5. h3 Bh5 6. g4 Bg6 7. Ne5 Nfd7 8.
Nxg6 hxg6 9. Bg2 e6 10. e4 dxe4 11. Nxe4 Nf6 12. c3 Nxe4 13. Bxe4 Nd7 14. Qb3
Qb6 15. Qc2 Nf6 16. Bg2 Be7 17. Bd2 Rd8 18. O-O-O Rd7 19. f4 Qa6 20. Kb1 Qe2
21. Bc1 Qxc2+ 22. Kxc2 O-O 23. c4 Rc8 24. Be3 a6 25. Rd3 Bd8 26. Rhd1 Bb6 27.
a4 Ba5 28. Bd2 Bb6 29. Be3 Ba5 30. Rb1 Bb4 31. Kb3 Ba5 32. Kc2 Bb4 33. Bd2 Bxd2
34. Rxd2 Rcd8 35. Rbd1 Kf8 36. a5 Ke7 37. b4 Rc7 38. Kb3 Ne8 39. Kc3 Nd6 40.
Re1 Kd7 41. Re5 Kc8 42. Re3 1/2-1/2

[Event "OLBA 2122 SV Hockenheim - SF Bad Mergen"]
[Site "?"]
[Date "2022.05.01"]
[Round "4.6"]
[White "Ptak, Ferdinand"]
[Black "Hauke, Christian"]
[Result "1/2-1/2"]
[WhiteElo "2024"]
[BlackElo "2174"]
[PlyCount "40"]
[EventDate "2022.??.??"]

1. c4 b6 2. Nc3 Bb7 3. e4 e6 4. g3 Bb4 5. Nge2 f5 6. Bg2 Nf6 7. d3 O-O 8. O-O
fxe4 9. dxe4 Ng4 10. Nf4 Ne5 11. Nce2 Bc5 12. Nd3 Nxd3 13. Qxd3 Nc6 14. Nf4 Ne5
15. Qe2 Qf6 16. h4 Ba6 17. b3 Bd4 18. Rb1 c5 19. Be3 Nc6 20. Rbd1 Rf7 1/2-1/2

[Event "OLBA 2122 SGR Kuppenheim - SK Ettlingen"]
[Site "?"]
[Date "2022.05.01"]
[Round "4.1"]
[White "Rosner, Jonas"]
[Black "Roos, Jean-Luc"]
[Result "1-0"]
[WhiteElo "2466"]
[BlackElo "2190"]
[PlyCount "77"]
[EventDate "2022.??.??"]

1. d4 d5 2. c4 e6 3. Nf3 Nf6 4. g3 Bb4+ 5. Bd2 Be7 6. Bg2 O-O 7. Qc2 Nbd7 8.
Nc3 c6 9. h4 Bb4 10. O-O Qe7 11. a3 Bd6 12. e4 dxe4 13. Nxe4 Nxe4 14. Qxe4 e5
15. Rfe1 f5 16. Qc2 e4 17. Ng5 c5 18. Nxe4 fxe4 19. Bxe4 Qd8 20. Bxh7+ Kh8 21.
Bg6 Qc7 22. Bg5 Nf6 23. d5 Bg4 24. Kg2 Qd7 25. f4 Bh3+ 26. Kg1 Qg4 27. Kh2 Qd7
28. f5 Bg4 29. Re6 Qc7 30. Qc3 Nh5 31. Bxh5 Bxh5 32. Rae1 Kg8 33. Re7 Bxe7 34.
Rxe7 Qxe7 35. Bxe7 Rxf5 36. Qe3 Rf3 37. Qxc5 Bg4 38. d6 Rd3 39. Qg5 1-0

[Event "OLBA 2122 SGR Kuppenheim - SK Ettlingen"]
[Site "?"]
[Date "2022.05.01"]
[Round "4.2"]
[White "Schuh, Hubert"]
[Black "Arnold, Max"]
[Result "1/2-1/2"]
[WhiteElo "2289"]
[BlackElo "2348"]
[PlyCount "61"]
[EventDate "2022.??.??"]

1. c4 e6 2. g3 d5 3. Bg2 c5 4. Nf3 d4 5. O-O Nc6 6. d3 Nf6 7. e3 Bd6 8. exd4
cxd4 9. Na3 O-O 10. Nc2 e5 11. b4 a6 12. a4 Re8 13. Ba3 h6 14. b5 Nb8 15. c5
Bf8 16. Re1 axb5 17. axb5 Ra5 18. Rxe5 Rxe5 19. Nxe5 Rxb5 20. Rb1 Rxb1 21. Qxb1
Qc7 22. Nf3 Nbd7 23. c6 bxc6 24. Bxf8 Nxf8 25. Nfxd4 c5 26. Nf3 Bb7 27. Ne3 Ne6
28. Nc4 Bd5 29. Qb6 Qxb6 30. Nxb6 Bc6 31. Ne5 1/2-1/2

[Event "OLBA 2122 SGR Kuppenheim - SK Ettlingen"]
[Site "?"]
[Date "2022.05.01"]
[Round "4.3"]
[White "Werner, Clemens"]
[Black "Kresovic, Velimir"]
[Result "1/2-1/2"]
[WhiteElo "2259"]
[BlackElo "2152"]
[PlyCount "50"]
[EventDate "2022.??.??"]

1. e4 c5 2. c3 Nf6 3. e5 Nd5 4. Nf3 e6 5. Bc4 Be7 6. O-O O-O 7. d4 cxd4 8. cxd4
d6 9. Bd2 dxe5 10. dxe5 b6 11. Qe2 Bb7 12. Nc3 Nxc3 13. Bxc3 Nd7 14. Rac1 Rc8
15. Bb5 Rc5 16. b4 Bxf3 17. gxf3 Rc7 18. f4 Qa8 19. Bb2 Rfc8 20. Rxc7 Rxc7 21.
a3 Nf8 22. Rc1 Rxc1+ 23. Bxc1 Ng6 24. Bd3 Qc6 25. Qc2 Qd5 1/2-1/2